Estudio de prefactibilidad para la producción y comercialización de la salsa base de tomate ubicado en Managua

Presenta un estudio de prefactiblidad para la producción y comercialización de la salsa base de tomate ubicado en Managua, se realizó un estudio de mercado con el objetivo de especificar las variables mercadotécnicas que se involucran en la aceptación de la salsa de tomate y que permita conocer...

Full description

Bibliographic Details
Main Authors: Orozco Miranda, Cruz Alberto, Vargas Lazo, Francis del Carmen, Taleno Lezcano, Cristian del Socorro
Other Authors: Tutor: Cáceres Antón, Juan Agustín
Format: Tesis Section = Libro
Language:Undetermined
Spanish
Published: Managua UNI 2015
Subjects:
LEADER 01492nam a2200301Ia 4500
008 240830s9999 xx 000 0 und d
040 |a BIBLIOTECA-RUPAP Mon 658.11 O74 
041 |a spa 
082 |a Mon 658.11 O74 
100 1 |a Orozco Miranda, Cruz Alberto 
100 1 |b  Vargas Lazo, Francis del Carmen 
100 1 |c  Taleno Lezcano, Cristian del Socorro 
245 1 0 |a Estudio de prefactibilidad para la producción y comercialización de la salsa base de tomate ubicado en Managua 
260 |a Managua  |b UNI  |c 2015 
300 |a 79 p. :il. 
500 |a Contiene: anexos CD. 
502 |a Tesis (Ingeniero Industrial)- UNI, 2015. 
520 3 |a Presenta un estudio de prefactiblidad para la producción y comercialización de la salsa base de tomate ubicado en Managua, se realizó un estudio de mercado con el objetivo de especificar las variables mercadotécnicas que se involucran en la aceptación de la salsa de tomate y que permita conocer la demanda y oferta del producto, se elaboró un estudio técnico que permitió determinar la capacidad instalada, tecnología y mejor ubicación de la planta. 
650 7 |a FUNDACION DE EMPRESAS DE NEGOCIOS 
650 7 |b SALSA DE TOMATE - COMERCIALIZACION 
650 7 |c CONSERVAS ALIMENTICIAS - INDUSTRIA Y COMERCIO 
650 7 |d ESTUDIO DE MERCADO 
650 7 |e ESTUDIO TECNICO 
650 7 |f ESTUDIO FINANCIERO 
700 1 |a Tutor:  |b Cáceres Antón, Juan Agustín 
942 |c BK  |2 ddc 
991 |a TESIS 
999 |c 16973